|
|
|
|
| LEADER |
01934nam a2200349 a 4500 |
| 001 |
4975382 |
| 008 |
091101r19991996ii ab b 001 0 eng d |
| 010 |
|
|
|a \\\97221672
|
| 020 |
|
|
|a 019829204X
|
| 020 |
|
|
|a 019564459x
|
| 040 |
|
|
|a WaU
|c WaU
|d DNAL
|d DLC
|
| 082 |
0 |
0 |
|a 338.954
|2 21
|
| 245 |
0 |
0 |
|a Indian development :
|b selected regional perspectives /
|c editors, Jean Drèze and Amartya Sen.
|
| 260 |
|
|
|a Delhi ;
|a New York :
|b Oxford Univ. Press,
|c 1996 [printing 1999].
|
| 300 |
|
|
|a xx, 420 p. :
|b ill., map ;
|c 22 cm.
|
| 490 |
1 |
|
|a UNU/WIDER studies in development economics
|
| 500 |
|
|
|a "A study prepared for the World Institute for Development Economics Research of the United Nations University (UNU/WIDER)."
|
| 504 |
|
|
|a Includes bibliographical references (p. 398-406) and indexes.
|
| 541 |
1 |
|
|e 00006988
|
| 651 |
|
0 |
|a India
|x Economic conditions
|y 1947-
|
| 651 |
|
0 |
|a India
|x Social conditions
|y 1947-
|
| 700 |
1 |
|
|a Drèze, Jean.
|
| 700 |
1 |
|
|a Sen, Amartya,
|d 1933-
|
| 710 |
2 |
|
|a World Institute for Development Economics Research.
|
| 830 |
|
0 |
|a Studies in development economics.
|
| 852 |
4 |
|
|a Ayesha Abed Library
|j General shelf
|
| 999 |
|
|
|c 7615
|d 7615
|
| 952 |
|
|
|0 0
|1 0
|2 ddc
|4 0
|6 338_954000000000000_IND_1999
|7 0
|9 8313
|a BRACUL
|b BRACUL
|c GEN
|d 2010-02-18
|l 1
|m 7
|o 338.954 IND
|p 3010006988
|r 2025-07-11
|s 2024-10-21
|t 1
|w 2010-02-18
|y BK
|
| 952 |
|
|
|0 0
|1 0
|2 ddc
|4 0
|6 338_954000000000000_IND
|7 0
|9 43000
|a SCL
|b SCL
|c GEN
|d 1999-06-06
|l 0
|o 338.954 IND
|p 3020002281
|r 2014-07-08
|t 2
|w 2014-07-08
|y BK
|
| 952 |
|
|
|0 0
|1 0
|2 ddc
|4 0
|6 338_954000000000000_IND
|7 0
|9 43013
|a SCL
|b SCL
|c GEN
|d 2000-01-24
|l 0
|o 338.954 IND
|p 3020002903
|r 2014-07-08
|t 3
|w 2014-07-08
|y BK
|
| 952 |
|
|
|0 0
|1 0
|2 ddc
|4 0
|6 338_954000000000000_IND
|7 0
|9 43144
|a SCL
|b SCL
|c GEN
|d 2000-01-30
|l 0
|o 338.954 IND
|p 3020002798
|r 2014-07-15
|t 4
|w 2014-07-15
|y BK
|
| 952 |
|
|
|0 0
|1 0
|2 ddc
|4 0
|6 338_954000000000000_IND
|7 0
|9 53588
|a SCL
|b SCL
|c GEN
|d 2015-04-28
|g 900.00
|l 0
|o 338.954 IND
|p 3020000496
|r 2015-04-28
|t 5
|w 2015-04-28
|y BK
|